000
00273nam a22001097a 4500
008
160518b xxu||||| |||| 00| 0 eng d
020
_a
0781701139
041
_a
eng
080
_a
612.39
245
_a
Treatment of the postmenopausal woman:
_c
Rogerio A. Lobo;
942
_2
udc
_c
BK
999
_c
2214
_d
2214